zpět

Detail výsledku týmu

U Paňáka, Strakonice

Datum a čas kvízu

40.5 Celkem bodů Celkový počet nahraných bodů na tomto kvízu bez doplňovacích otázek.
3. Pořadí na kvízu Konečné umístění týmu na tomto kvízu.

Zaznamenané odpovědi

# Otázka Odpověď Body Výsledky
1. Minulý týden byl jistý 37letý... Mikuláš Ferjenčík, Jiří Strach 1
2. Jeden turista zveřejnil video... v Číně 1
3. Ve čtvrtek měl v českých kinec... Mizerové: Na život a na smrt 0.5
4. Italská společnost, která je t... Ferrero, Nutella 0.5
5. Mezinárodní hokejová federace... chránič krku 1
6. Dostanete vždy pět indicií, k... Idiot 1
7. Irsko – strom – Estragon – Nob... Čekání na Godota 1
8. Nashville – Felis – žár – Puli... Kočka na rozpálené plechové střeše 0
9. Roman – okupace – Tibet – Lakm... Spalovač mrtvol 1
10. Karviná – kronika – sv. Petr... Šikmý kostel 0